Normal view
MARC view
Entry Personal Name
001 - CONTROL NUMBER
- control field: 49725
003 - CONTROL NUMBER IDENTIFIER
- control field: OSt
005 - DATE AND TIME OF LATEST TRANSACTION
- control field: 20250106155628.0
008 - FIXED-LENGTH DATA ELEMENTS
- fixed length control field: 250106|| aca||aabn | a|a d
040 ## - CATALOGING SOURCE
- Original cataloging agency: OSt
- Transcribing agency: OSt
100 ## - HEADING--PERSONAL NAME
- Personal name: Kala, K. Dasari, R. Kumar, A.P. and Gitte, P.
670 ## - SOURCE DATA FOUND
- Source citation: Work cat.: (OSt): Kala, K. Dasari, R. Kumar, A.P. and Gitte, P. , Tactical transport operations along Northern border
